Studies in The Natyasastra (Record no. 1416)

MARC details
000 -LEADER
fixed length control field 00343nam a22001337a 4500
008 - FIXED-LENGTH DATA ELEMENTS--GENERAL INFORMATION
fixed length control field 260505b |||||||| |||| 00| 0 eng d
020 ## - INTERNATIONAL STANDARD BOOK NUMBER
International Standard Book Number 9788120806603
082 ## - DEWEY DECIMAL CLASSIFICATION NUMBER
Classification number 001715
100 ## - MAIN ENTRY--PERSONAL NAME
Personal name Tarlekar,G H
245 ## - TITLE STATEMENT
Title Studies in The Natyasastra
260 ## - PUBLICATION, DISTRIBUTION, ETC.
Place of publication, distribution, etc. New Delhi
Name of publisher, distributor, etc. Motilal Banarsidass Publishing House.
Date of publication, distribution, etc. 1999
300 ## - PHYSICAL DESCRIPTION
Extent 354p
942 ## - ADDED ENTRY ELEMENTS (KOHA)
Source of classification or shelving scheme Dewey Decimal Classification
Holdings
Withdrawn status Lost status Source of classification or shelving scheme Damaged status Not for loan Home library Current library Shelving location Date acquired Source of acquisition Total Checkouts Full call number Barcode Date last seen Price effective from Koha item type
    Dewey Decimal Classification     Karnataka Samskrit University Library Karnataka Samskrit University Library General Stacks 02/05/2025 Sri Book World   001715 001715 05/05/2026 05/05/2026 Books
    Dewey Decimal Classification     Karnataka Samskrit University Library Karnataka Samskrit University Library General Stacks 02/05/2025 Sri Book World   001715 001716 05/05/2026 05/05/2026 Books

Powered by Koha